Játékok Monetizációs Moddeljei, Etikai Kérdései és Pszichológiai Hatásai
| Szerző: | |
|---|---|
| További közreműködők: | |
| Dokumentumtípus: | Projektmunka |
| Kulcsszavak: | árazás etika játékok pszichológia szerencsejáték |
| Online Access: | http://dolgozattar.uni-bge.hu/60184 |
MARC
| LEADER | 00000nnm a2200000 i 4500 | ||
|---|---|---|---|
| 001 | dolg60184 | ||
| 005 | 20260409150111.0 | ||
| 008 | 260409suuuu hu o 000 hun d | ||
| 040 | |a BGE Dolgozattár Repozitórium |b hun | ||
| 041 | |a hu | ||
| 100 | 1 | |a Nagy Tamás József | |
| 245 | 1 | 0 | |a Játékok Monetizációs Moddeljei, Etikai Kérdései és Pszichológiai Hatásai |c Nagy Tamás József |h [elektronikus dokumentum] |
| 516 | |a Project_work | ||
| 520 | 3 | |a A dolgozat célja a videojáték-iparban alkalmazott monetizációs modellek különösen a mikrotranzakciók, loot boxok, előfizetéses rendszerek és virtuális fizetőeszközök működésének és hatásainak részletes vizsgálata. A kutatás feltárja ezek gazdasági eredményességét, a játékosokra gyakorolt pszichológiai és viselkedési hatásait, valamint fogyasztóvédelmi és jogi kockázatait. A primer kutatás során kvantitatív módszerrel vizsgáltam a játékosok szokásait és attitűdjeit, amely alátámasztja az elméleti megállapításokat. A dolgozat célja, hogy hozzájáruljon a tudatosabb, etikusabb játéktervezéshez és szabályozáshoz. | |
| 695 | |a árazás | ||
| 695 | |a etika | ||
| 695 | |a játékok | ||
| 695 | |a pszichológia | ||
| 695 | |a szerencsejáték | ||
| 700 | 1 | |a Dobó Dr. Róbert |e ths | |
| 856 | 4 | 0 | |u http://dolgozattar.uni-bge.hu/60184/1/Nagy%20Tam%C3%A1s%20J%C3%B3zsef%20SZakdolgozat.pdf |z Dokumentum-elérés |
| 856 | 4 | 0 | |u http://dolgozattar.uni-bge.hu/60184/2/KM%20FOSZK%20b%C3%ADr%C3%A1lati%20lap%20Nagy%20Tam%C3%A1s%20J%C3%B3zsef%20DR.pdf |z Dokumentum-elérés |